000 00652nam a2200193Ia 4500
003 GCL
008 140319s9999 xx 000 0 ara d
040 _aGCL /
_cGCL
082 0 4 _a809
_bم د
100 1 _aمحمد غنيمى هلال
245 1 0 _aدور الادب المقارن فى توجية دراسات الادب العربى المعاصر /
_cمحمد غنيمى هلال
260 _aالقاهرة :
_bنهضة مصر للطباعة والنشر والتوزيع ،
_c1992
300 _a94 ص
490 _a
650 0 4 _aالادب العربى
650 0 4 _aالنقد
650 0 4 _aالادب المقارن
942 _2ddc
_cBK
999 _c30491
_d30491